| 000 | 00931cam a2200265 4500 | ||
|---|---|---|---|
| 001 | 1263261 | ||
| 005 | 20020405140051.0 | ||
| 008 | 700825s1970 nyua b 001 0 eng | ||
| 010 | _a 74099204 | ||
| 040 |
_aDLC _cDLC _dDLC |
||
| 050 | 0 | 0 |
_aTP149 _b.S58 1970 |
| 082 | 0 | 0 |
_a660.299 _222 _bSMI |
| 100 | 1 |
_aSmith, J. M. _q(Joseph Mauk), _d1916- _96633 |
|
| 245 | 1 | 0 |
_aChemical engineering kinetics/ _c[by] J. M. Smith. |
| 250 | _a2nd ed. | ||
| 260 |
_aNew York, _bMcGraw-Hill, _c[1970] |
||
| 300 |
_axviii, 612 p.: _bill. ; _c23 cm. |
||
| 490 | 0 | _aMcGraw-Hill chemical engineering series | |
| 504 | _aIncludes bibliographical references. | ||
| 650 | 0 |
_aChemical engineering. _96634 |
|
| 650 | 0 |
_aChemical kinetics. _96635 |
|
| 650 | 0 |
_aThermodynamics. _96636 |
|
| 942 |
_2ddc _cBB |
||
| 999 |
_c11946 _d11946 |
||